| 000 | 00603nam a2200217Ia 4500 | ||
|---|---|---|---|
| 003 | OSt | ||
| 005 | 20220928135047.0 | ||
| 006 | a|||||r|||| 00| 0 | ||
| 007 | ta | ||
| 008 | 220927b |||||||| |||| 00| 0 eng d | ||
| 024 | _a613 | ||
| 037 | _cTextual | ||
| 040 |
_aSDCL _cSDCL _beng |
||
| 041 |
_2eng _aeng |
||
| 082 | _aX.657'N<->N8, L2 | ||
| 100 |
_aKay G B _9489293 |
||
| 245 | 0 |
_aPolitical economy of colonialism in Ghana _b A collection of documents and statistics 1900-1960 |
|
| 260 | _c1972 | ||
| 942 |
_hX.657'N<->N8, L2 _cTEXL _2CC |
||
| 999 |
_c804578 _d804578 |
||